| 000 | 06480nam a22006497a 4500 | ||
|---|---|---|---|
| 005 | 20090119143636.0 | ||
| 008 | 090119t xxu||||| |||| 00| 1 eng d | ||
| 010 | _aB-344892-920 | ||
| 020 |
_a8170114675 _c90.00 |
||
| 035 | _aB-344892-920 | ||
| 035 | _aB-357744 | ||
| 037 | _bTarun Books | ||
| 040 |
_adpl _bEnglish |
||
| 082 | _aS | ||
| 110 | _aillustrated by Pulak Biswas and Sukumar Chatterjee | ||
| 245 |
_aTales from Indian classics / _cretold by Savitri; illustrated by Pulak Biswas [and] Sukumar Chatterjee _hEnglish |
||
| 260 |
_aNew Delhi _bChildren Book Trust _c2007 (repr.) |
||
| 270 |
_aNehru House, 4 Bahadur Shah Zafar Marg _bNew Delhi _e110002 |
||
| 300 |
_a152p. _c18cm. (Hb) _bill. |
||
| 700 | _aSavitri | ||
| 700 | _aBiswas, Pulak | ||
| 700 | _aChatterjee, Sukumar | ||
| 366 | _b2007 | ||
| 942 |
_2ddc _cCH _hS _mTAL |
||
| 999 |
_c21659 _d21659 |
||